| 000 | 00928nam a22002417a 4500 | ||
|---|---|---|---|
| 999 |
_c9271 _d9271 |
||
| 003 | AR-CdUCM | ||
| 008 | 190327b ||||| |||| 00| 0 spa d | ||
| 020 | _a978-84-7993-216-9 | ||
| 040 |
_aMUNICIPALIDAD PROVINCIAL DEL CUSCO _cBIBLIOTECA MUNICIPAL DEL CUSCO |
||
| 082 |
_a907 / _bUM46 |
||
| 110 |
_aUniversidad Internacional de Andalucía _925368 |
||
| 245 |
_aUmbrales : _bfugas de la institucion total : entre captura y vida / |
||
| 260 |
_aAndalucía : _bGraficas Alhambra, |
||
| 300 |
_a203 paginas ; _bIlustraciones, _c29 cm. |
||
| 505 | _aContenido : Donde todo comenzó -- La otra memoria -- Pasos -- Umbrales críticos -- La guerra de los filósofos... | ||
| 650 |
_aAntibiografias _925369 |
||
| 650 |
_aUmbrales _925370 |
||
| 650 |
_aCriterios universitarios _925371 |
||
| 650 |
_aReforma universitaria _91992 |
||
| 710 |
_aUniversidad Internacional de Andalucía _925368 |
||
| 942 |
_2ddc _cLIBROS |
||
| 945 | _awnts | ||